000
00335nam a2200133Ia 4500
008
260604s9999 xx 000 0 und d
020
_a
9789819987061
082
_a
330.502A SA
100
_a
Sachiyo asahi
_9
35714
245
0
_a
Econometric Analysis of Regional Economy 2024
260
_b
Springer
500
_a
Econometric
942
_c
BK
999
_c
8538
_d
8538